<?xml version="1.0" encoding="UTF-8"?>
<collection xmlns="http://www.loc.gov/MARC21/slim">
 <record>
  <leader>01007pamaa2200205   4500</leader>
  <controlfield tag="001">0000053278</controlfield>
  <controlfield tag="005">20150212090000.0</controlfield>
  <controlfield tag="008">150213s2014                             eng  </controlfield>
  <datafield tag="090" ind1="0" ind2="0">
   <subfield code="a">TP248.2 </subfield>
   <subfield code="b">KIE 2014</subfield>
  </datafield>
  <datafield tag="100" ind1="1" ind2="1">
   <subfield code="a">Kiew Wen Yi </subfield>
  </datafield>
  <datafield tag="245" ind1="1" ind2="0">
   <subfield code="a">Whole cell bioindicator using multi-markers from green Algae Spirogyra to detect lead, calcium and sodium  </subfield>
   <subfield code="c">Kiew Wen Yi.</subfield>
  </datafield>
  <datafield tag="260" ind1="0" ind2="0">
   <subfield code="a">Nilai: </subfield>
   <subfield code="b">INTI International University, </subfield>
   <subfield code="c">August 2014.</subfield>
  </datafield>
  <datafield tag="300" ind1=" " ind2=" ">
   <subfield code="a">x, 54: </subfield>
   <subfield code="b">ill.; </subfield>
   <subfield code="c">30 cm.</subfield>
  </datafield>
  <datafield tag="500" ind1="0" ind2="0">
   <subfield code="a">BBTEI 47</subfield>
  </datafield>
  <datafield tag="500" ind1="0" ind2="0">
   <subfield code="a">Number 47</subfield>
  </datafield>
  <datafield tag="500" ind1="0" ind2="0">
   <subfield code="a">Bachelor of Biotechnology (Honours) August 2014</subfield>
  </datafield>
  <datafield tag="502" ind1="0" ind2="0">
   <subfield code="a">Dissertation submitted in partial fulfillment of the requirements for the degree of Bachelor of Biotechnology (Honors) under the management and supervision of Faculty of Science, Technology Engineering and Mathematics, INTI International University Putra Nilai, Malaysia</subfield>
  </datafield>
  <datafield tag="650" ind1="0" ind2="0">
   <subfield code="a">Biotechnology -- </subfield>
   <subfield code="x">Dissertation </subfield>
  </datafield>
  <datafield tag="650" ind1="0" ind2="0">
   <subfield code="a">Algae Spirogyra </subfield>
  </datafield>
  <datafield tag="901" ind1=" " ind2=" ">
   <subfield code="u">http://intilib.intimal.edu.my/equip-intin/custom/home.jsp</subfield>
  </datafield>
 </record>
</collection>
